| 000 | 00514nam a22001932 4500 | ||
|---|---|---|---|
| 001 | 0000001714 | ||
| 005 | 20170406113646.0 | ||
| 008 | 140128s xx 000 0 eng d | ||
| 020 | _c$ | ||
| 040 |
_aYour Holding Symbol _cYour Holding Symbol |
||
| 100 | 1 | _aShipton,Eric. | |
| 245 | 1 | 0 |
_aTierra del fuego : _bthe fatal lodestone. |
| 250 | _a ed. | ||
| 260 |
_anew abbot : _bReaders union, _c1974. |
||
| 300 |
_a175 p. ; _c cm. |
||
| 504 | _aindex. | ||
| 650 | 0 | _acanada. | |
| 908 | _a140128 | ||
| 999 |
_c1626 _d1626 |
||